000 00530nam a2200181Ia 4500
008 220531s9999 xx 000 0 und d
041 _amar
100 _aसुरवसे किरण आणि शेवाळे विकास
_963782
245 _aसमाजशास्‍त्र
250 _a1ST
260 _aPune
_bIDOL Publications
_c2014
300 _a8.12
542 _d03-07-2015
551 _aSociology
_bGrantable-SCO
650 _aSociology
_963783
906 _d2015-2016
999 _c36205
_d36205